| 000 | 02503cam a2200589Ia 4500 | ||
|---|---|---|---|
| 001 | sjds1106621 | ||
| 003 | sjds | ||
| 005 | 20200610100443.0 | ||
| 008 | 050901s2005 nyu j 000 1 spa d | ||
| 020 | _a0439755727 (pbk.) | ||
| 020 | _a9780439755726 | ||
| 035 | _a312617 | ||
| 035 | _a(OCoLC)61397711 | ||
| 035 | _a312617 | ||
| 040 |
_aLPU _cLPU _dBAKER _dWTX _dIFA _dUtOrBLW |
||
| 041 | 1 |
_aspa _heng |
|
| 049 | _aIFAA | ||
| 099 | _f2005 | ||
| 100 | 1 |
_aRyan, Pam Munoz, _eauthor. |
|
| 240 | 1 | 0 |
_aBecoming Naomi Leon. _lSpanish |
| 245 | 1 | 0 |
_aYo, Naomi Leon / _cPam Munoz Ryan ; [translated by Nuria Molinero]. |
| 260 |
_aNew York : _bScholastic, _c2005. |
||
| 264 | 1 |
_aNew York : _bScholastic, _c2005. |
|
| 300 |
_a264 pages ; _c20 cm |
||
| 336 |
_atext _btxt _2rdacontent |
||
| 337 |
_aunmediated _bn _2rdamedia |
||
| 338 |
_avolume _bnc _2rdacarrier |
||
| 500 | _a"1st Spanish printing"--T.p. verso. | ||
| 500 | _a"Scholastic en espanol"--Cover. | ||
| 520 | _aWhen Naomi's absent mother resurfaces to claim her, Naomi runs away to Mexico with her great-grandmother and younger brother in search of her father. | ||
| 526 | 0 |
_aAccelerated Reader _bMG _c5.4 _d6.0 _z82864SP |
|
| 586 | _aTomas Rivera Mexican Children's Book Award winner, 2005. | ||
| 586 | _aTomas Rivera Mexican Children's Book Award winner, 2005. | ||
| 586 | _aAward winner of the Schneider Family Book Award (Middle School Book) in 2005. | ||
| 650 | 0 |
_aGreat-grandmothers _vJuvenile fiction. |
|
| 650 | 0 |
_aBrothers and sisters _vJuvenile fiction. |
|
| 650 | 0 |
_aDysfunctional families _vJuvenile fiction. |
|
| 650 | 0 |
_aMexican Americans _vJuvenile fiction. |
|
| 650 | 7 |
_aBisabuelas _vNovela juvenil. _2bidex |
|
| 650 | 7 |
_aHermanos _vNovela juvenil. _2bidex |
|
| 650 | 7 |
_aFamilias problematicas _vNovela juvenil. _2bidex |
|
| 650 | 7 |
_aMexicano-americanos _vNovela juvenil. _2bidex |
|
| 651 | 0 |
_aMexico _vJuvenile fiction. |
|
| 651 | 7 |
_aMexico _vNovela. _2bidex |
|
| 655 | 7 |
_aSchneider Family Book Award winners (Middle School Book) _2local |
|
| 655 | 7 |
_aTomas Rivera Mexican Children's Book Award winners. _2local |
|
| 856 | 4 | 2 |
_3Publisher description _uhttp://www.loc.gov/catdir/description/schol051/2004000346.html |
| 856 | 4 | 1 |
_3Table of contents _uhttp://www.loc.gov/catdir/toc/ecip0414/2004000346.html |
| 856 | 4 | 2 |
_3Publisher description _uhttp://www.loc.gov/catdir/description/schol051/2004000346.html |
| 856 | 4 | 1 |
_3Table of contents _uhttp://www.loc.gov/catdir/toc/ecip0414/2004000346.html |
| 942 | _cBK | ||
| 999 |
_c24596 _d24596 |
||